Statistics for Countries Closest to St Kitts and Nevis

Click here to take the quiz!

General Stats

  • This quiz has been taken 655 times
  • The average score is 16 of 20

Answer Stats

kmcountrymiles% Correct
375St Lucia233
95%
1228Cuba763
93%
200Dominica125
92%
1414Jamaica878
92%
593Dominican Republic369
91%
440St Vincent
and the Grenadines
273
89%
524Barbados325
88%
942Haiti585
88%
677Trinidad and Tobago421
88%
68Antigua and Barbuda42
86%
523Grenada325
86%
674Venezuela419
86%
1170Bahamas727
85%
992Guyana617
84%
1378Suriname856
84%
1063Colombia660
82%
1341Brazil833
75%
931Aruba578
35%
870Curaçao541
30%
70Sint Maarten43
27%

Score Distribution

Percentile by Number Answered

Percent of People with Each Score

Your Score History

You have not taken this quiz